Evaluation et avenir des programmes communautaires
Αποθηκεύτηκε σε:
| Άλλοι συγγραφείς: | , |
|---|---|
| Μορφή: | Βιβλίο |
| Γλώσσα: | French |
| Δημοσίευση: |
Paris :
Bruylant-Academia, Desc-europe,
2004
|
| Σειρά: | Les cahiers europens de la Sorbonne Nouvelle. Histoire, economie, culture ;
; 4 |
| Θέματα: | |
| Ετικέτες: |
Προσθήκη ετικέτας
Δεν υπάρχουν, Καταχωρήστε ετικέτα πρώτοι!
|
MARC
| LEADER | 00000nam a2200000 i 4500 | ||
|---|---|---|---|
| 001 | 1/77998 | ||
| 008 | 080320s2004 fre d | ||
| 020 | |a 2-87209-792-9 | ||
| 035 | |l 10095629 | ||
| 040 | |a GR-MY-UA |b gre |e aacr | ||
| 041 | 0 | |a fre | |
| 082 | 0 | |a 338.94 |2 (22) | |
| 245 | 1 | 0 | |a Evaluation et avenir des programmes communautaires / |c sus la direction de Mila Petkow et Marc Dusautoy |
| 260 | |a Paris : |b Bruylant-Academia, |b Desc-europe, |c 2004 | ||
| 300 | |a 138 σ.; |c 25 εκ. | ||
| 490 | 1 | |a Les cahiers europens de la Sorbonne Nouvelle. Histroire, economie, culture |v ; 4 | |
| 650 | 0 | 0 | |a Regional planning |z European Union countries. |
| 650 | 0 | 0 | |a Economic development projects |z European Union countries |x Evaluation. |
| 700 | 1 | |a Petkow, Mila. |4 edt | |
| 700 | 1 | |a Dusautoy, Marc. |4 edt | |
| 830 | 0 | |a Les cahiers europens de la Sorbonne Nouvelle. Histoire, economie, culture ; |v ; 4 | |
| 852 | |a INST |b LESVOS |e 20080320 |h 338.94 EVA |p 005100027931 |q 005100027931 |t BK |y 0 | ||
| 901 | |a BIBL1-2008-1 | ||
| 909 | |a Λ |b 144378 | ||
| 922 | |a 1ΕΛΗ |b 2008-01 |c ΕΠΕΑΕΚ2/ΤΠ |d ΠΑΠΑΣΩΤΗΡΙΟΥ | ||
| 970 | |a ΤΖΑΦΕΡΗ |b ΕΥΑΓΓΕΛΙΑ |z 2008/03/20 | ||